000 00557nam a2200193Ia 4500
005 20250507130247.0
008 008 250505s9999 xx 000 0 eng d
037 _aSeries Article
040 _aEASL
_beng
_cEASL
041 _aeng
_2eng
084 _qEASL
100 _aTeets Jessica C
_9669137
245 0 _aLet many civil societies bloom:The rise of consultative authoritarianism in China
260 _aUK
_bUK Cambridge Univesity Press UK
_c2013
300 _a19-38
650 _aChina
942 _cSRA
999 _c1318622
_d1318622